|
|
|
|
| LEADER |
00000cam a2200000 i 4500 |
| 001 |
28604, 28605 |
| 003 |
AGDB |
| 005 |
20260324181527.0 |
| 008 |
230505s2023 spc||||| |||||0|0 0dcat|c |
| 015 |
|
|
|a LL2024
|2 bnc
|
| 017 |
|
|
|a B 6531-2023
|b Biblioteca de Catalunya
|
| 020 |
|
|
|a 9788409498406
|c Obra completa
|
| 020 |
|
|
|a 9788409498413
|c Volum primer
|
| 020 |
|
|
|a 9788409498420
|c Volum segon
|
| 029 |
|
|
|a 9788409498413
|
| 040 |
|
|
|a ES-BaBM
|b cat
|e rda
|c ES-BaBM
|d ES-ViU
|d ES-BaBC
|
| 043 |
|
|
|a e-sp---
|b e-spcbg
|2 catmarc
|
| 080 |
|
|
|a 94
|x (460.23 Bg Monistrol de Montserrat)
|2 2004
|
| 080 |
|
|
|a 946.71 Bg Monistrol de Montserrat"9/20"
|
| 100 |
1 |
|
|a Soldevila, Llorenç,
|d 1950-2022,
|e autor
|9 26436
|
| 245 |
1 |
0 |
|a Monistrol de Montserrat :
|b un miler d'anys d'història /
|c Llorenç Soldevila, Salvador Redó, Josep Batlle, David Blasco
|
| 246 |
|
|
|a Monistrol de Montserrat :
|b un miler d'anys d'història : Segles X-XVIII
|
| 246 |
|
|
|a Monistrol de Montserrat :
|b un miler d'anys d'història : Segles XIX-XXI
|
| 264 |
|
1 |
|a Monistrol de Montserrat :
|b Ajuntament de Monistrol de Montserrat ;
|c 2023
|
| 300 |
|
|
|a 2 volums (440, 399 pàgines) :
|b il·lustracions (algunes en color) ;
|c 24 cm
|
| 336 |
|
|
|a text
|b txt
|2 rdacontent
|
| 337 |
|
|
|a sense mediació
|b n
|2 rdamedia
|
| 338 |
|
|
|a volum
|b nc
|2 rdacarrier
|
| 504 |
|
|
|a Bibliografia.
|
| 505 |
8 |
|
|a Conté:
|t volum 1. Segles X-XVIII
|
| 505 |
8 |
|
|a Conté:
|t volum 2. Segles XIX-XXI
|
| 520 |
|
|
|a "Aquesta obra escrita de manera planera però amb plantejament científic i defugint els folklorismes, vol ser un lloc comú on interessats per la història, estudiants o altres investigadors puguin pouar en materials de primera mà, en uns textos o en unes referències que els permeti, a través de la història local, entendre la història del país. La voluntat dels autors ha estat des de l'inici d'aquesta aventura mostrar com les vicissituds de la comunitat nacional influeixen directament sobre la marxa de les comunitats locals, de quina manera es tradueixen les històries de reis, guerres, fams, revolucions, agricultura, industrialització... en el dia a dia de la gent. Parafrasejant l'historiador Josep Benet: contribuir a fer, a partir de bones històries locals, una bona història de Catalunya." --
|c Regió7
|
| 651 |
|
7 |
|a Monistrol de Montserrat (Catalunya)
|x Història
|2 lemac
|9 71661
|
| 700 |
1 |
|
|a Redó, Salvador,
|d 1958-
|e autor
|9 22150
|
| 700 |
1 |
|
|a Batlle, Josep,
|d 1964-
|e autor
|9 71659
|
| 700 |
1 |
|
|a Blasco i Planesas, David,
|e autor
|9 71660
|
| 908 |
|
|
|a BMON
|a UVic-UCC
|a BC
|
| 940 |
|
|
|a BMON
|
| 942 |
|
|
|2 udc
|c ARXIU
|n 1
|
| 952 |
|
|
|0 0
|1 0
|4 0
|6 BIB1224
|7 1
|9 97448
|a Arxiu
|b Arxiu
|d 2024-10-07
|h Vol. 1 (segles X-XVIII)
|l 0
|o Bib-1224
|p 28604
|r 2024-10-07 00:00:00
|w 2024-10-07
|y ARXIU
|
| 952 |
|
|
|0 0
|1 0
|4 0
|6 BIB1225
|7 1
|9 97449
|a Arxiu
|b Arxiu
|d 2024-10-07
|h Vol. 2 (segles XIX-XXI)
|l 0
|o Bib-1225
|p 28605
|r 2024-10-07 00:00:00
|w 2024-10-07
|y ARXIU
|
| 999 |
|
|
|c 129323
|d 129323
|